|
|
|
|
| LEADER |
00963pam a22002658a 4500 |
| 001 |
00024562 |
| 005 |
20171026081022.0 |
| 008 |
110721s2008 ||||||viesd |
| 020 |
|
|
|c 19000
|
| 041 |
0 |
# |
|a vie
|
| 082 |
1 |
4 |
|a 372.21
|b TH308K
|
| 245 |
0 |
0 |
|a Thiết kế dạy học hoạt động làm quen văn học ở trường mầm non
|c Phạm Thị Điểm (ch.b)...[et al.]
|
| 260 |
# |
# |
|a H.
|b Giáo dục
|c 2008
|
| 300 |
# |
# |
|a 111tr.
|c 24 cm.
|
| 650 |
# |
4 |
|a Mẫu giáo
|
| 650 |
# |
4 |
|a Phương pháp giảng dạy
|
| 650 |
# |
4 |
|a Văn học
|
| 650 |
# |
4 |
|a Sách giáo viên
|
| 700 |
1 |
# |
|a Phạm Thị Điềm
|e chủ biên
|
| 852 |
# |
# |
|b Kho giáo trình
|j KGT.0028131, KGT.0028132
|
| 852 |
# |
# |
|b Kho mượn
|j KGT.0028131
|
| 852 |
# |
# |
|j KD.0010227
|j KGT.0028131
|j KGT.0028132
|
| 852 |
# |
# |
|b Kho đọc
|j KD.0010227
|
| 910 |
0 |
# |
|a Ntuyet
|d 21/07/2011
|
| 980 |
# |
# |
|a Trung tâm Học liệu Lê Vũ Hùng, Trường Đại học Đồng Tháp
|